00399 aa a2200157 4500008004100000010001400041020001500055020001600070035001300086082001200099100001800111245004400129260004100173260000900214300001800223081021t xxu||||| |||| 00| 0 eng d aENG-84565 a8189000780 c750.00 (hb) aEN-68098 a910.133 aAhmad Hussain aPolitical geography /cby Ahmad Hussain aNew DelhibVishvabharti Publications c2007 avi,387pc23cm